Kodagina Kembattigala Samskrithi ಕೊಡಗಿನ ಕೆಂಬಟ್ಟಿಗಳ ಸಂಸ್ಕೃತಿ (Record no. 229330)
[ view plain ]
| 000 -LEADER | |
|---|---|
| fixed length control field | 00782nam a22002057a 4500 |
| 005 - DATE AND TIME OF LATEST TRANSACTION | |
| control field | 20251125142800.0 |
| 008 - FIXED-LENGTH DATA ELEMENTS--GENERAL INFORMATION | |
| fixed length control field | 231128b ||||| |||| 00| 0 eng d |
| 040 ## - CATALOGING SOURCE | |
| Transcribing agency | AL |
| 041 ## - LANGUAGE CODE | |
| Language code of text/sound track or separate title | Kannada |
| 082 ## - DEWEY DECIMAL CLASSIFICATION NUMBER | |
| Edition number | 23 |
| Classification number | 305.895487K |
| Item number | NAGK |
| 100 ## - MAIN ENTRY--PERSONAL NAME | |
| Personal name | M G Nagaraj |
| 100 ## - MAIN ENTRY--PERSONAL NAME | |
| 9 (RLIN) | 246783 |
| 100 ## - MAIN ENTRY--PERSONAL NAME | |
| 9 (RLIN) | 143678 |
| Numeration | ಎಂ.ಜಿ. ನಾಗರಾಜ್ |
| 245 ## - TITLE STATEMENT | |
| Title | Kodagina Kembattigala Samskrithi ಕೊಡಗಿನ ಕೆಂಬಟ್ಟಿಗಳ ಸಂಸ್ಕೃತಿ |
| 260 ## - PUBLICATION, DISTRIBUTION, ETC. | |
| Place of publication, distribution, etc. | Mangalagangothri |
| Name of publisher, distributor, etc. | Prasaranga Mangalore University |
| Date of publication, distribution, etc. | 2017 |
| 300 ## - PHYSICAL DESCRIPTION | |
| Extent | xLiv,464 p. |
| Other physical details | HB |
| Dimensions | 22.5x14.7 cm. |
| 365 ## - TRADE PRICE | |
| Price type code | 063-065 |
| Price amount | ₹250.00 |
| Currency code | ₹ |
| Unit of pricing | ₹500.00 |
| Price note | 50% |
| Price effective from | 23-11-2023 |
| 650 ## - SUBJECT ADDED ENTRY--TOPICAL TERM | |
| Topical term or geographic name entry element | A Survey of Socio Cultural History of the Kembattis of Kodagu |
| 9 (RLIN) | 143629 |
| 700 ## - ADDED ENTRY--PERSONAL NAME | |
| Personal name | NAGARAJ (M G) |
| 9 (RLIN) | 143630 |
| 942 ## - ADDED ENTRY ELEMENTS (KOHA) | |
| Source of classification or shelving scheme | Dewey Decimal Classification |
| Koha item type | Book |
| Withdrawn status | Lost status | Source of classification or shelving scheme | Damaged status | Not for loan | Collection code | Home library | Current library | Date acquired | Source of acquisition | Cost, normal purchase price | Total Checkouts | Full call number | Barcode | Date last seen | Cost, replacement price | Price effective from | Koha item type |
|---|---|---|---|---|---|---|---|---|---|---|---|---|---|---|---|---|---|
| Dewey Decimal Classification | Kannada | St Aloysius Library | St Aloysius Library | 11/24/2023 | Prasaranga Mangalore University | 250.00 | 305.895487K NAGK | 076934 | 11/28/2023 | 500.00 | 11/28/2023 | Book |